<?xml version="1.0" encoding="UTF-8"?>
<record
    xmlns:xsi="http://www.w3.org/2001/XMLSchema-instance"
    xsi:schemaLocation="http://www.loc.gov/MARC21/slim http://www.loc.gov/standards/marcxml/schema/MARC21slim.xsd"
    xmlns="http://www.loc.gov/MARC21/slim">

  <leader>01625cam a2200325 i 4500</leader>
  <controlfield tag="001">946103913</controlfield>
  <controlfield tag="003">OCoLC</controlfield>
  <controlfield tag="005">20240802104651.0</controlfield>
  <controlfield tag="008">160330t20172017moua     b    001 0 eng  </controlfield>
  <datafield tag="020" ind1=" " ind2=" ">
    <subfield code="a">9780323356237 (paperback)</subfield>
    <subfield code="q">alkaline paper</subfield>
  </datafield>
  <datafield tag="020" ind1=" " ind2=" ">
    <subfield code="a">0323356230 (paperback</subfield>
    <subfield code="q">alkaline paper</subfield>
  </datafield>
  <datafield tag="040" ind1=" " ind2=" ">
    <subfield code="a">NUST</subfield>
    <subfield code="b">eng</subfield>
    <subfield code="e">rda</subfield>
    <subfield code="c">NUST</subfield>
    <subfield code="d">NUST</subfield>
  </datafield>
  <datafield tag="050" ind1="1" ind2="0">
    <subfield code="a">RC78 LON</subfield>
  </datafield>
  <datafield tag="100" ind1="1" ind2=" ">
    <subfield code="a">Long, Bruce W.,</subfield>
    <subfield code="e">Author.</subfield>
  </datafield>
  <datafield tag="245" ind1="1" ind2="0">
    <subfield code="a">Radiography essentials for limited practice /</subfield>
    <subfield code="c">Bruce W. Long, MA, RT(R)(CV), FASRT, FAEIRS, Director and Associate Professor, Radiologic and Imaging Sciences Programs, Indiana University School of Medicine, Indianapolis, Indiana, Eugene D. Frank, MA, RT(R), FASRT, FAEIRS, Associate Professor Emeritus, Mayor Clinic College of Medicine, Rochester, Minnesota, Ruth Ann Ehrlich, RT(R), Retired, Radiology Faculty, University of Western States, Portland, Oregon, Adjunct Faculty, Portland Community College, Portland, Oregon</subfield>
  </datafield>
  <datafield tag="250" ind1=" " ind2=" ">
    <subfield code="a">Fifth edition</subfield>
  </datafield>
  <datafield tag="260" ind1=" " ind2=" ">
    <subfield code="a">St Louis :</subfield>
    <subfield code="b">Elsevier, </subfield>
    <subfield code="c">&#xA9;2017.</subfield>
  </datafield>
  <datafield tag="300" ind1=" " ind2=" ">
    <subfield code="a">xi, 643 pages :</subfield>
    <subfield code="b">illustrations ;</subfield>
    <subfield code="c">28 cm</subfield>
  </datafield>
  <datafield tag="336" ind1=" " ind2=" ">
    <subfield code="a">text</subfield>
    <subfield code="b">txt</subfield>
    <subfield code="2">rdacontent</subfield>
  </datafield>
  <datafield tag="337" ind1=" " ind2=" ">
    <subfield code="a">unmediated</subfield>
    <subfield code="b">n</subfield>
    <subfield code="2">rdamedia</subfield>
  </datafield>
  <datafield tag="338" ind1=" " ind2=" ">
    <subfield code="a">volume</subfield>
    <subfield code="b">nc</subfield>
    <subfield code="2">rdacarrier</subfield>
  </datafield>
  <datafield tag="504" ind1=" " ind2=" ">
    <subfield code="a">Includes bibliographical references and index.</subfield>
  </datafield>
  <datafield tag="650" ind1=" " ind2="0">
    <subfield code="a">Radiography, Medical.</subfield>
  </datafield>
  <datafield tag="650" ind1="1" ind2="2">
    <subfield code="a">Radiography</subfield>
    <subfield code="x">methods.</subfield>
  </datafield>
  <datafield tag="650" ind1="2" ind2="2">
    <subfield code="a">Technology, Radiologic.</subfield>
    <subfield code="0">(DNLM)D013679.</subfield>
    <subfield code="0">https://id.nlm.nih.gov/mesh/D013679</subfield>
  </datafield>
  <datafield tag="650" ind1="2" ind2="2">
    <subfield code="a">Allied Health Personnel.</subfield>
  </datafield>
  <datafield tag="700" ind1="1" ind2=" ">
    <subfield code="a">Frank, Eugene D.,</subfield>
    <subfield code="e">Author.</subfield>
  </datafield>
  <datafield tag="700" ind1="1" ind2=" ">
    <subfield code="a">Ehrlich, Ruth Ann,</subfield>
    <subfield code="d">1938-</subfield>
    <subfield code="e">Author.</subfield>
  </datafield>
  <datafield tag="942" ind1=" " ind2=" ">
    <subfield code="2">lcc</subfield>
    <subfield code="c">BOOKS</subfield>
    <subfield code="e">Fifth edition</subfield>
    <subfield code="h">RC78 </subfield>
    <subfield code="k">RC</subfield>
    <subfield code="m">LON</subfield>
    <subfield code="n">0</subfield>
  </datafield>
  <datafield tag="999" ind1=" " ind2=" ">
    <subfield code="c">170613</subfield>
    <subfield code="d">170613</subfield>
  </datafield>
  <datafield tag="952" ind1=" " ind2=" ">
    <subfield code="0">0</subfield>
    <subfield code="1">0</subfield>
    <subfield code="2">LCC</subfield>
    <subfield code="4">0</subfield>
    <subfield code="7">0</subfield>
    <subfield code="8">NFIC</subfield>
    <subfield code="a">Main</subfield>
    <subfield code="b">Main</subfield>
    <subfield code="c">Gen</subfield>
    <subfield code="d">2023-05-11</subfield>
    <subfield code="e">Book Aid International</subfield>
    <subfield code="g">107.00</subfield>
    <subfield code="l">0</subfield>
    <subfield code="o">RC78 LON</subfield>
    <subfield code="p">92004052901</subfield>
    <subfield code="r">2023-11-29 00:00:00</subfield>
    <subfield code="t">60125</subfield>
    <subfield code="v">107.00</subfield>
    <subfield code="w">2023-05-11</subfield>
    <subfield code="y">BOOKS</subfield>
    <subfield code="z">Donation</subfield>
  </datafield>
  <datafield tag="952" ind1=" " ind2=" ">
    <subfield code="0">0</subfield>
    <subfield code="1">0</subfield>
    <subfield code="2">LCC</subfield>
    <subfield code="4">0</subfield>
    <subfield code="7">0</subfield>
    <subfield code="8">NFIC</subfield>
    <subfield code="a">Main</subfield>
    <subfield code="b">Main</subfield>
    <subfield code="c">Gen</subfield>
    <subfield code="d">2023-05-11</subfield>
    <subfield code="e">Book Aid International</subfield>
    <subfield code="g">107.00</subfield>
    <subfield code="l">0</subfield>
    <subfield code="o">RC78 LON</subfield>
    <subfield code="p">92004052811</subfield>
    <subfield code="r">2023-11-29 00:00:00</subfield>
    <subfield code="t">60126</subfield>
    <subfield code="v">107.00</subfield>
    <subfield code="w">2023-05-11</subfield>
    <subfield code="y">BOOKS</subfield>
    <subfield code="z">Donation</subfield>
  </datafield>
  <datafield tag="952" ind1=" " ind2=" ">
    <subfield code="0">0</subfield>
    <subfield code="1">0</subfield>
    <subfield code="2">LCC</subfield>
    <subfield code="4">0</subfield>
    <subfield code="7">0</subfield>
    <subfield code="8">NFIC</subfield>
    <subfield code="a">Main</subfield>
    <subfield code="b">Main</subfield>
    <subfield code="c">Gen</subfield>
    <subfield code="d">2023-05-11</subfield>
    <subfield code="e">Book Aid International</subfield>
    <subfield code="g">107.00</subfield>
    <subfield code="l">0</subfield>
    <subfield code="o">RC78 LON</subfield>
    <subfield code="p">92004053060</subfield>
    <subfield code="r">2023-11-29 00:00:00</subfield>
    <subfield code="t">60124</subfield>
    <subfield code="v">107.00</subfield>
    <subfield code="w">2023-05-11</subfield>
    <subfield code="y">BOOKS</subfield>
    <subfield code="z">Donation</subfield>
  </datafield>
  <datafield tag="952" ind1=" " ind2=" ">
    <subfield code="0">0</subfield>
    <subfield code="1">0</subfield>
    <subfield code="2">LCC</subfield>
    <subfield code="4">0</subfield>
    <subfield code="7">0</subfield>
    <subfield code="8">NFIC</subfield>
    <subfield code="a">MAIN</subfield>
    <subfield code="b">MAIN</subfield>
    <subfield code="c">GEN</subfield>
    <subfield code="d">2024-07-30</subfield>
    <subfield code="e">Book Aid International</subfield>
    <subfield code="g">107.00</subfield>
    <subfield code="l">0</subfield>
    <subfield code="o">RC78 LON</subfield>
    <subfield code="p">92004053935</subfield>
    <subfield code="r">2024-07-30 11:07:54</subfield>
    <subfield code="t">60760</subfield>
    <subfield code="v">107.00</subfield>
    <subfield code="w">2024-07-30</subfield>
    <subfield code="y">BOOKS</subfield>
    <subfield code="z">Donation</subfield>
  </datafield>
</record>
